000 00310nam a2200157Ia 4500
100 _aBolton/W
250 _a3
942 _cBK
654 _aMechatronics
245 _aMechatronics
260 _bPearson Education
_c2003
082 _a621.381042
_bBOL
300 _a574
546 _aENGLISH
999 _c28514
_d28514